[Event "ROM-ch U12"]
[Site "Calimanesti"]
[Date "2015.04.04"]
[Round "7"]
[White "Clenciu, Daniel Marian"]
[Black "Marinca, David Calin"]
[Result "1-0"]
[WhiteElo "1070"]
[BlackElo "1036"]
[PlyCount "43"]
[EventDate "2015.03.30"]
[EventType "swiss"]
[EventRounds "9"]
[EventCountry "ROU"]
[SourceTitle "CBM 165 Extra"]
[Source "ChessBase"]
[SourceDate "2015.04.21"]
[SourceVersion "1"]
[SourceVersionDate "2015.04.21"]
[SourceQuality "1"]

1. d4 Nf6 2. Nf3 e6 3. e3 d5 4. Bd3 c5 5. c3 Nc6 6. Nbd2 Bd6 7. Qe2 cxd4 8. cxd4 0-0 9. e4 dxe4 10. Nxe4 Nxe4 11. Qxe4 g6 12. h4 f5 13. Qe2 Re8 14. Bf4 Bxf4 15. g3 Bd6 16. 0-0 e5 17. dxe5 Nxe5 18. Nxe5 Bxe5 19. Rad1 a6 20. Bc4+ Kh8 21. Rxd8 Rxd8 22. Qxe5# 1-0